Coutries Of The 1934 World Cup - Statistics

General Stats
  • This quiz has been taken 18 times
  • The average score is 11 of 16
Answer Stats
Answer % Correct
Brazil
94%
Italy
94%
Argentina
88%
France
88%
Germany
88%
Spain
88%
Austria
82%
Belgium
76%
Netherlands
76%
Sweden
76%
USA
76%
Switzerland
71%
Hungary
59%
Czechoslovakia
29%
Egypt
29%
Romania
24%
No matching quizzes found
Score Distribution
Percent of People with Each Score
Percentile by Number Answered
Your Score History
You have not taken this quiz